[Event "Ch URS (1 liga)"]
[Site "masterchessopen.com URS"]
[Round "0"]
[White "Mihalcisin Adrian (SLO)"]
[Black "Chernin Alexander (HUN)"]
[Result "1/2-1/2"]
[WhiteElo "2545"]
[BlackElo "2455"]

1.d4 Nf6 2.c4 e6 3.g3 d5 4.Bg2 dxc4 5.Nf3 c5 6.O-O Nc6 7.Qa4 cxd4 8.Nxd4 Qxd4
9.Bxc6+ Bd7 10.Rd1 Qxd1+ 11.Qxd1 Bxc6 12.Qc2 Be7 13.Qxc4 O-O 14.Nc3 Rfc8 15.a4
a6 16.a5 {#d} 1/2-1/2

[Event "Ch Moscow (cat.13)"]
[Site "masterchessopen.com Moscow (Russia)"]
[Round "0"]
[White "Gulko Boris F (USA)"]
[Black "Sokolov Andrei (FRA)"]
[Result "1/2-1/2"]
[WhiteElo "2535"]
[BlackElo "2425"]

1.c4 Nf6 2.g3 e6 3.Bg2 d5 4.d4 dxc4 5.Nf3 c5 6.O-O Nc6 7.Qa4 Bd7 8.Qxc4 b5
9.Qd3 Rc8 10.Bg5 c4 11.Qd1 Be7 12.Re1 h6 13.Bf4 Nd5 14.Bd2 O-O 15.Nc3 b4
16.Na4 Nb6 17.Nxb6 Qxb6 18.e4 Nxd4 19.Nxd4 Qxd4 20.Bxb4 Qxd1 21.Rexd1 {#d}
1/2-1/2

[Event "It (cat.15)"]
[Site "masterchessopen.com Tilburg (Netherlands)"]
[Round "0"]
[White "Karpov Anatoly (RUS)"]
[Black "Ljubojevic Ljubomir (SRB)"]
[Result "1/2-1/2"]
[WhiteElo "2710"]
[BlackElo "2645"]

1.Nf3 Nf6 2.c4 e6 3.g3 d5 4.d4 dxc4 5.Bg2 c5 6.Qa4+ Nbd7 7.Qxc4 b6 8.O-O Bb7
9.Nc3 a6 10.dxc5 b5 11.Qh4 Bxc5 12.Bg5 Rc8 13.Rad1 Qc7 {#d} 1/2-1/2

[Event "Memorial A.Sokolsky"]
[Site "masterchessopen.com Minsk (Belarus)"]
[Round "0"]
[White "Basin Leonid (RUS)"]
[Black "Begun Sergei M (BLR)"]
[Result "1/2-1/2"]
[WhiteElo "2420"]
[BlackElo "2295"]

1.d4 Nf6 2.c4 e6 3.g3 d5 4.Nf3 dxc4 5.Bg2 c5 6.O-O Nc6 7.dxc5 Qxd1 8.Rxd1 Bxc5
9.Nbd2 Ng4 10.Ne4 Be7 11.h3 Nf6 12.Ned2 c3 13.bxc3 Nd5 14.Bb2 Nb6 15.c4 f6
16.Nd4 Bd7 17.Nb5 O-O 18.Ne4 Na5 19.Ba3 Bxa3 20.Nxa3 Bc6 21.Rac1 {#d} 1/2-1/2

[Event "It"]
[Site "masterchessopen.com Albena (Bulgaria)"]
[Round "34"]
[White "Sygulski Artur (POL)"]
[Black "Popchev Milko (BUL)"]
[Result "1/2-1/2"]
[WhiteElo "2425"]
[BlackElo "2380"]

1.d4 Nf6 2.c4 e6 3.g3 d5 4.Bg2 dxc4 5.Nf3 c5 6.O-O Nc6 7.Ne5 Bd7 8.Na3 cxd4
9.Naxc4 Bc5 10.Qb3 O-O 11.Bf4 Qc8 12.Nd3 Be7 13.Rac1 Nd5 14.Bd6 Bxd6 15.Nxd6
Qc7 16.Nb5 Qb6 17.Nd6 Qc7 18.Nb5 Qb6 {#d} 1/2-1/2

[Event "corr."]
[Site "masterchessopen.com Germany"]
[Round "0"]
[White "Kunsztowicz Uwe (GER)"]
[Black "Knapp Michael (GER)"]
[Result "1/2-1/2"]
[WhiteElo "2234"]
[BlackElo "2155"]

1.d4 d5 2.c4 e6 3.Nf3 Nf6 4.g3 dxc4 5.Bg2 c5 6.O-O Nc6 7.Ne5 Bd7 8.Na3 cxd4
9.Naxc4 Rc8 10.Qb3 Nxe5 11.Nxe5 Bc6 12.Nxc6 bxc6 13.e3 Bc5 14.Rd1 O-O 15.exd4
Bb6 16.Be3 Nd5 17.Bxd5 cxd5 18.Rac1 {#d} 1/2-1/2

[Event "Tournament"]
[Site "masterchessopen.com Hamburg (Germany)"]
[Round "0"]
[White "Kunsztowicz Uwe (GER)"]
[Black "Michaelsen Nils (GER)"]
[Result "1/2-1/2"]
[WhiteElo "2234"]
[BlackElo "2412"]

1.d4 Nf6 2.c4 e6 3.g3 d5 4.Bg2 dxc4 5.Nf3 c5 6.O-O Nc6 7.Ne5 Bd7 8.Na3 cxd4
9.Naxc4 Rc8 10.Qb3 Nxe5 11.Nxe5 Bc6 12.Nxc6 bxc6 13.Rd1 c5 14.e3 Qd7 15.exd4
cxd4 16.Bf4 Be7 17.Be5 O-O 18.Rxd4 Qe8 19.Ra4 Nd7 20.Bd4 Nc5 21.Bxc5 {#d}
1/2-1/2

[Event "Ch Poland (team)"]
[Site "masterchessopen.com Porabka (Poland)"]
[Round "1"]
[White "Sygulski Artur (POL)"]
[Black "Szymczak Zbigniew (POL)"]
[Result "1/2-1/2"]
[WhiteElo "2425"]
[BlackElo "2279"]

1.d4 Nf6 2.c4 e6 3.g3 d5 4.Bg2 dxc4 5.Nf3 c5 6.O-O Nc6 7.Ne5 Bd7 8.Nxc6 Bxc6
9.Bxc6+ bxc6 10.Qa4 cxd4 11.Qxc6+ Nd7 12.Qxc4 Bc5 13.Nd2 O-O 14.Ne4 Bb6 15.Bg5
Qc8 16.Qxc8 Rfxc8 17.Rfc1 f6 18.Bf4 e5 19.Bd2 Nc5 20.Nxc5 Rxc5 {#d} 1/2-1/2

[Event "Ch Carioca"]
[Site "masterchessopen.com Rio de Janeiro (Brazil)"]
[Date "1986.05.20"]
[Round "2"]
[White "Maia Jose Eduardo (BRA)"]
[Black "Loureiro Luiz (BRA)"]
[Result "0-1"]
[WhiteElo "2124"]
[BlackElo "2328"]

1.d4 Nf6 2.c4 e6 3.g3 d5 4.Bg2 dxc4 5.Nf3 c5 6.O-O a6 7.e3 Nbd7 8.a4 cxd4
9.Qxd4 Bc5 10.Qxc4 O-O 11.Nc3 b5 12.Qd3 Bb7 13.axb5 axb5 14.Rxa8 Qxa8 15.Nh4
Bxg2 16.Nxg2 b4 17.Ne2 Ne5 18.Qc2 Rd8 19.Qb3 Nf3+ 20.Kh1 Ne4 {#R} 0-1

[Event "Ch Sweden"]
[Site "masterchessopen.com Stockholm (Sweden)"]
[Round "0"]
[White "Bergstrom Christer (SWE)"]
[Black "Carlhammar Magnus (SWE)"]
[Result "1/2-1/2"]
[WhiteElo "2376"]
[BlackElo "2306"]

1.c4 e6 2.Nf3 d5 3.d4 Nf6 4.g3 dxc4 5.Bg2 c5 6.O-O Nc6 7.Ne5 Bd7 8.Nxc6 Bxc6
9.Bxc6+ bxc6 10.Qa4 cxd4 11.Qxc6+ Nd7 12.Qxc4 {#d} 1/2-1/2

[Event "Ch Sweden"]
[Site "masterchessopen.com Stockholm (Sweden)"]
[Round "0"]
[White "Carlhammar Magnus (SWE)"]
[Black "Wessman Richard (SWE)"]
[Result "1/2-1/2"]
[WhiteElo "2306"]
[BlackElo "2285"]

1.d4 Nf6 2.c4 e6 3.g3 d5 4.Nf3 dxc4 5.Bg2 c5 6.O-O Nc6 7.Qa4 Bd7 8.dxc5 Ne5
9.Qc2 Nxf3+ 10.Bxf3 Nd5 11.Qxc4 Rc8 12.Qd4 Rxc5 13.Bd2 Qf6 14.Qxf6 gxf6 15.Nc3
Bc6 16.Bxd5 exd5 17.Be3 Rc4 18.Rfd1 Ba3 19.Rab1 {#d} 1/2-1/2

[Event "Ch URS"]
[Site "masterchessopen.com URS"]
[Round "0"]
[White "Krasenkow Michal (POL)"]
[Black "Sturua Zurab (GEO)"]
[Result "1/2-1/2"]
[WhiteElo "2420"]
[BlackElo "2524"]

1.d4 d5 2.c4 e6 3.Nf3 Nf6 4.g3 dxc4 5.Bg2 c5 6.O-O Nc6 7.Ne5 Bd7 8.Nxc4 cxd4
9.Bf4 Nd5 10.Nd6+ Bxd6 11.Bxd6 Nde7 12.Qb3 Na5 13.Qb4 Nf5 14.Bc5 b6 15.Bxd4
Nc6 16.Bxc6 Bxc6 17.Bc3 a5 18.Qc4 Rc8 19.Na3 O-O 20.e4 {#d} 1/2-1/2

[Event "Cup Warsaw"]
[Site "masterchessopen.com Warsaw (Poland)"]
[Round "8"]
[White "Panczyk Krzysztof (POL)"]
[Black "Jankowski Jozef (POL)"]
[Result "1/2-1/2"]
[WhiteElo "2410"]
[BlackElo "2310"]

1.d4 Nf6 2.c4 e6 3.g3 d5 4.Nf3 dxc4 5.Bg2 c5 6.O-O Nc6 7.Ne5 Bd7 8.Nxc6 Bxc6
9.Bxc6+ bxc6 10.Qa4 cxd4 11.Qxc6+ Nd7 12.Qxc4 Bc5 13.Nd2 O-O 14.Ne4 Bb6 15.Bf4
Rc8 16.Qd3 f5 17.Nd6 Rc6 18.Qf3 Nb8 19.Nb5 Rc5 {#d} 1/2-1/2

[Event "?"]
[Site "masterchessopen.com Berlin (Germany)"]
[Round "5"]
[White "Razuvaev Yuri S (RUS)"]
[Black "Stanke Juergen (GER)"]
[Result "1-0"]
[WhiteElo "2535"]
[BlackElo "2271"]

1.d4 Nf6 2.c4 e6 3.g3 d5 4.Bg2 dxc4 5.Nf3 c5 6.O-O Nc6 7.Ne5 Bd7 8.Nxc4 cxd4
9.Bf4 Bc8 10.Ne5 Nxe5 11.Bxe5 Bc5 12.Nd2 d3 13.Rc1 dxe2 14.Qxe2 Bb6 15.Qb5+
Bd7 16.Qb4 Ba5 17.Qxb7 Bxd2 18.Rc2 Nd5 19.Rxd2 Nb6 20.Bc6 {#r} 1-0

[Event "It (open) \"]
[Site "masterchessopen.com Gausdal (Norway)"]
[Round "0"]
[White "Hovde Frank (NOR)"]
[Black "Carlhammar Magnus (SWE)"]
[Result "1-0"]
[WhiteElo "2285"]
[BlackElo "2306"]

1.Nf3 d5 2.d4 e6 3.g3 Nf6 4.Bg2 c5 5.c4 dxc4 6.O-O Nc6 7.Qa4 Bd7 8.Qxc4 b5
9.Qd3 Rc8 10.Nc3 cxd4 11.Nxd4 Nxd4 12.Qxd4 Bc5 13.Qd3 b4 14.Ne4 Nxe4 15.Bxe4
f5 16.Bb7 Rb8 17.Ba6 Qe7 18.Be3 Bxe3 19.Qxe3 Bb5 20.Qe5 {#r} 1-0

[Event "Ch. Belarus"]
[Site "masterchessopen.com Minsk (Belarus)"]
[Round "1"]
[White "Basin Leonid (RUS)"]
[Black "Dautov Rustem (GER)"]
[Result "1/2-1/2"]
[WhiteElo "2350"]
[BlackElo "2525"]

1.d4 Nf6 2.c4 e6 3.Nf3 d5 4.g3 dxc4 5.Bg2 c5 6.O-O Nc6 7.Ne5 Bd7 8.Na3 cxd4
9.Naxc4 Bc5 10.Qb3 O-O 11.Nd3 Bb6 12.Bf4 Nd5 13.Bd6 Re8 14.Rfc1 Nce7 15.a4 Bc6
16.a5 Bc7 17.Bxc7 Qxc7 18.a6 b5 19.Nce5 Qd6 {#d} 1/2-1/2

[Event "It (cat.11)"]
[Site "masterchessopen.com Protvino (Russia)"]
[Round "0"]
[White "Razuvaev Yuri S (RUS)"]
[Black "Smagin Sergey (RUS)"]
[Result "1/2-1/2"]
[WhiteElo "2535"]
[BlackElo "2550"]

1.d4 d5 2.c4 e6 3.Nf3 Nf6 4.g3 dxc4 5.Bg2 c5 6.O-O Nc6 7.Ne5 Bd7 8.Nxc6 Bxc6
9.Bxc6+ bxc6 10.Qa4 cxd4 11.Qxc6+ Nd7 12.Qxc4 Bc5 13.Nd2 Rc8 14.Ne4 {#d}
1/2-1/2

[Event "Ch RLP"]
[Site "masterchessopen.com Rheinland-Pfalz (Germany)"]
[Round "7"]
[White "Putzbach Gerd (GER)"]
[Black "Bukal Vladimir Jr (CRO)"]
[Result "1/2-1/2"]
[WhiteElo "2234"]
[BlackElo "2415"]

1.d4 Nf6 2.c4 e6 3.g3 d5 4.Bg2 dxc4 5.Nf3 c5 6.O-O Nc6 7.Ne5 Nxe5 8.dxe5 Qxd1
9.Rxd1 Nd5 10.Na3 c3 11.Bxd5 cxb2 12.Bxb2 exd5 13.Nb5 Kd7 14.Nc3 Kc6 15.Nxd5
{#d} 1/2-1/2

[Event "?"]
[Site "masterchessopen.com URS"]
[Round "0"]
[White "Basin Leonid (RUS)"]
[Black "Dautov Rustem (GER)"]
[Result "1/2-1/2"]
[WhiteElo "2350"]
[BlackElo "2525"]

1.d4 Nf6 2.c4 e6 3.Nf3 d5 4.g3 dxc4 5.Bg2 c5 6.O-O Nc6 7.Ne5 Bd7 8.Na3 cxd4
9.Naxc4 Bc5 10.Qb3 O-O 11.Nd3 Bb6 12.Bf4 Nd5 13.Bd6 Re8 14.Rfc1 Nce7 15.a4 Bc6
16.a5 Bc7 17.Bxc7 Qxc7 18.a6 b6 19.Nce5 Qd6 {#d} 1/2-1/2

[Event "Ch URS (qual)"]
[Site "masterchessopen.com Uzhgorod (Ukraine)"]
[Round "0"]
[White "Palatnik Semon (USA)"]
[Black "Savon Vladimir A (UKR)"]
[Result "1/2-1/2"]
[WhiteElo "2500"]
[BlackElo "2430"]

1.d4 Nf6 2.c4 e6 3.g3 d5 4.Nf3 dxc4 5.Bg2 c5 6.O-O cxd4 7.Qa4+ Nc6 8.Nxd4 Qxd4
9.Bxc6+ Bd7 10.Rd1 Qxd1+ 11.Qxd1 Bxc6 12.Qc2 Be7 13.Qxc4 O-O 14.Nc3 {#d}
1/2-1/2

[Event "corr."]
[Site "masterchessopen.com Argentina"]
[Round "0"]
[White "Piza Daniel (ARG)"]
[Black "Acosta Raul (ARG)"]
[Result "1-0"]
[WhiteElo "2300"]
[BlackElo "2060"]

1.d4 Nf6 2.c4 e6 3.g3 d5 4.Bg2 dxc4 5.Nf3 c5 6.O-O Nc6 7.Ne5 Nxe5 8.dxe5 Qxd1
9.Rxd1 Nd5 10.Na3 Nc7 11.Nxc4 Rb8 12.Bf4 Bd7 13.Rd2 b6 14.Rad1 Rd8 15.Rxd7
{#r} 1-0

[Event "It (open) (2)"]
[Site "masterchessopen.com Canary Islands (Spain)"]
[Round "0"]
[White "Dominguez Martin (PAR)"]
[Black "Martin Del Campo Jorge (MEX)"]
[Result "1/2-1/2"]
[WhiteElo "2050"]
[BlackElo "2210"]

1.d4 d5 2.c4 e6 3.g3 Nf6 4.Bg2 dxc4 5.Nf3 c5 6.Qa4+ Bd7 7.Qxc4 Bc6 8.O-O cxd4
9.Qxd4 Qxd4 10.Nxd4 Bxg2 11.Kxg2 a6 12.Nc3 Bc5 13.Nc2 O-O 14.Be3 Bxe3 15.Nxe3
Nc6 16.Rfd1 Rfd8 17.Rxd8+ Rxd8 18.Rd1 Rxd1 {#d} 1/2-1/2

[Event "Ch Europe (team)"]
[Site "masterchessopen.com Haifa (Israel)"]
[Round "5"]
[White "Alvarez Ibarra Rafael (ESP)"]
[Black "Brestian Egon (AUT)"]
[Result "1/2-1/2"]
[WhiteElo "2368"]
[BlackElo "2389"]

1.d4 Nf6 2.Nf3 d5 3.c4 e6 4.g3 dxc4 5.Bg2 c5 6.O-O Nc6 7.Ne5 Nxe5 8.dxe5 Qxd1
9.Rxd1 Nd5 10.Na3 Bd7 11.Nxc4 Bb5 12.b3 {#d} 1/2-1/2

[Event "Ch Sweden"]
[Site "masterchessopen.com Stockholm (Sweden)"]
[Round "0"]
[White "Ziegler Ari (SWE)"]
[Black "Ornstein Axel (SWE)"]
[Result "1/2-1/2"]
[WhiteElo "2341"]
[BlackElo "2413"]

1.d4 Nf6 2.c4 e6 3.Nf3 d5 4.g3 dxc4 5.Bg2 c5 6.O-O Nbd7 7.Qa4 a6 8.Nc3 Rb8
9.dxc5 Bxc5 10.Qxc4 b5 11.Qb3 Bb7 12.Bg5 O-O {#d} 1/2-1/2

[Event "Ch Latvia"]
[Site "masterchessopen.com Latvia"]
[Round "0"]
[White "Kengis Edvins (LAT)"]
[Black "Griezne Edvins (LAT)"]
[Result "1/2-1/2"]
[WhiteElo "2545"]
[BlackElo "2138"]

1.d4 Nf6 2.Nf3 d5 3.c4 e6 4.g3 dxc4 5.Bg2 c5 6.O-O Nbd7 7.Na3 Nb6 8.Nxc4 Nxc4
9.Qa4+ Bd7 10.Qxc4 Qb6 11.dxc5 Bxc5 12.Qh4 Bc6 13.Bh6 Ne4 14.Bxg7 Rg8 15.Qxh7
O-O-O 16.Rac1 Bxf2+ 17.Kh1 Be3 {#d} 1/2-1/2

[Event "It \"]
[Site "masterchessopen.com Budapest (Hungary)"]
[Round "0"]
[White "Lukacs Peter (HUN)"]
[Black "Horvath Jozsef M (HUN)"]
[Result "1/2-1/2"]
[WhiteElo "2500"]
[BlackElo "2104"]

1.d4 Nf6 2.c4 e6 3.g3 d5 4.Bg2 dxc4 5.Nf3 c5 6.O-O Nc6 7.dxc5 Qxd1 8.Rxd1 Bxc5
9.Nbd2 c3 10.bxc3 O-O 11.Nb3 Be7 12.Be3 Bd7 13.Nfd4 {#d} 1/2-1/2

[Event "It (festival)"]
[Site "masterchessopen.com Budapest (Hungary)"]
[Round "0"]
[White "Yuferov Sergey N (RUS)"]
[Black "Heuer Thomas (GER)"]
[Result "1-0"]
[WhiteElo "2412"]
[BlackElo "2129"]

1.d4 d5 2.c4 e6 3.g3 Nf6 4.Bg2 dxc4 5.Nf3 c5 6.O-O Nc6 7.Ne5 Nxe5 8.dxe5 Qxd1
9.Rxd1 Nd7 10.Na3 Nxe5 11.Nb5 Ke7 12.Be3 Kf6 13.Rd8 Ke7 14.Rad1 {#r} 1-0

[Event "It (cat.11) \"]
[Site "masterchessopen.com Prague (Czech Republic)"]
[Round "0"]
[White "Razuvaev Yuri S (RUS)"]
[Black "Van Der Sterren Paul (NED)"]
[Result "1/2-1/2"]
[WhiteElo "2565"]
[BlackElo "2530"]

1.c4 e6 2.Nf3 d5 3.d4 Nf6 4.g3 dxc4 5.Bg2 c5 6.O-O Nc6 7.dxc5 Qxd1 8.Rxd1 Bxc5
9.Nbd2 c3 10.bxc3 Bd7 11.Nb3 Be7 12.c4 O-O 13.Bb2 Rfd8 14.Ne5 Nxe5 15.Bxe5
Rac8 16.Bxb7 Rxc4 17.Bf3 Be8 18.e3 Rxd1+ 19.Rxd1 Bc6 20.Bxc6 Rxc6 21.Bd4 a6
{#d} 1/2-1/2

[Event "It"]
[Site "masterchessopen.com New York (USA)"]
[Round "3"]
[White "Bonin Jay R (USA)"]
[Black "Winslow Elliott C (USA)"]
[Result "1/2-1/2"]
[WhiteElo "2325"]
[BlackElo "2325"]

1.d4 d5 2.c4 e6 3.Nf3 Nf6 4.g3 dxc4 5.Bg2 c5 6.Na3 Nc6 7.Nxc4 cxd4 8.O-O Bc5
9.Bf4 Nd5 10.Be5 O-O 11.Bxd4 Nxd4 12.Nxd4 Nb6 13.Nxb6 Qxb6 14.Nb3 Rd8 15.Qc2
Bd6 {#d} 1/2-1/2

[Event "Olympiad (w)"]
[Site "masterchessopen.com Moscow (Russia)"]
[Round "4"]
[White "Kachiani-G Ketino (GER)"]
[Black "Baginskaite Camilla (USA)"]
[Result "1/2-1/2"]
[WhiteElo "2410"]
[BlackElo "2358"]

1.d4 Nf6 2.c4 e6 3.g3 d5 4.Nf3 dxc4 5.Bg2 c5 6.O-O Nc6 7.Qa4 Bd7 8.Qxc4 b5
9.Qd3 Rc8 10.dxc5 Bxc5 11.Nc3 Nb4 12.Qd1 Bc6 13.Bg5 O-O 14.a3 Qxd1 15.Rfxd1
Nbd5 16.Bd2 Nb6 17.Ne5 Bxg2 18.Kxg2 a6 19.Nd3 Nc4 20.Be1 Be7 21.b4 {#d}
1/2-1/2

[Event "It (cat.11) \"]
[Site "masterchessopen.com Ostrava (Czech Republic)"]
[Round "0"]
[White "Haba Petr (CZE)"]
[Black "Sokolov Andrei (LAT)"]
[Result "1/2-1/2"]
[WhiteElo "2505"]
[BlackElo "2580"]

1.d4 Nf6 2.c4 e6 3.g3 d5 4.Bg2 dxc4 5.Nf3 c5 6.O-O Nc6 7.Qa4 Bd7 8.Qxc4 b5
9.Qd3 Rc8 10.dxc5 Bxc5 11.Nc3 b4 12.Ne4 Nxe4 {#d} 1/2-1/2

[Event "Ch Yugoslavia (team) (1 liga)"]
[Site "masterchessopen.com Yugoslavia"]
[Round "4"]
[White "Dokhoian Yury (RUS)"]
[Black "Sokolov Andrei (FRA)"]
[Result "1/2-1/2"]
[WhiteElo "2580"]
[BlackElo "2580"]

1.d4 Nf6 2.c4 e6 3.g3 d5 4.Bg2 dxc4 5.Nf3 c5 6.O-O Nc6 7.dxc5 Bxc5 8.Qa4 O-O
9.Qxc4 Be7 10.Nc3 Bd7 11.e4 Qa5 12.Bd2 Rac8 13.Qe2 Qh5 14.h3 {#d} 1/2-1/2

[Event "Ch Russia (club)"]
[Site "masterchessopen.com Briansk (Russia)"]
[Round "9"]
[White "Goryachkin Vyacheslav (UKR)"]
[Black "Belozerov Andrei (RUS)"]
[Result "1/2-1/2"]
[WhiteElo "2373"]
[BlackElo "2325"]

1.d4 Nf6 2.c4 e6 3.g3 d5 4.Nf3 dxc4 5.Bg2 c5 6.Qa4+ Nbd7 7.dxc5 Bxc5 8.Qxc4 a6
9.Qb3 O-O 10.O-O Ra7 11.Be3 b5 12.Bxc5 Nxc5 13.Qb4 Qb6 14.Nc3 Bb7 15.a4 Nd5
16.Nxd5 Bxd5 17.axb5 a5 18.Qd4 Rb7 19.b4 axb4 20.Qxb4 Qxb5 {#d} 1/2-1/2

[Event "It (open)"]
[Site "masterchessopen.com Leeuwarden (Netherlands)"]
[Round "8"]
[White "Horvath Jozsef M (HUN)"]
[Black "Bartels Hans A (NED)"]
[Result "1-0"]
[WhiteElo "2104"]
[BlackElo "2325"]

1.d4 d5 2.c4 e6 3.Nf3 Nf6 4.g3 dxc4 5.Bg2 c5 6.O-O Bd7 7.Na3 Bc6 8.Nxc4 cxd4
9.Qxd4 Na6 10.Qh4 Nc5 11.Bg5 Be7 12.Rfd1 Ncd7 13.Nfe5 Bxg2 14.Kxg2 b5 15.Bxf6
Bxf6 16.Qh5 g6 17.Qf3 Bxe5 18.Nxe5 Nxe5 19.Rxd8+ Rxd8 20.Qf6 {#r} 1-0

[Event "?"]
[Site "masterchessopen.com Belgrade (Yugoslavia)"]
[Round "0"]
[White "Cosma Ioan (ROM)"]
[Black "Zontakh Andrey (UKR)"]
[Result "1/2-1/2"]
[WhiteElo "2470"]
[BlackElo "2550"]

1.d4 Nf6 2.Nf3 d5 3.c4 e6 4.g3 dxc4 5.Bg2 c5 6.O-O Nc6 7.Ne5 Bd7 8.Na3 cxd4
9.Naxc4 Nxe5 10.Nxe5 Qb6 11.Nc4 Qa6 12.Qxd4 Rc8 13.b3 Bc5 14.Qf4 O-O 15.Bb2
Be7 16.Rfd1 Bc6 17.a4 Bxg2 18.Kxg2 Rfd8 {#d} 1/2-1/2

[Event "It (open) \"]
[Site "masterchessopen.com Berlin (Germany)"]
[Round "0"]
[White "Haba Petr (CZE)"]
[Black "Timoscenko Gennadij (SVK)"]
[Result "1/2-1/2"]
[WhiteElo "2485"]
[BlackElo "2530"]

1.d4 Nf6 2.c4 e6 3.g3 d5 4.Bg2 dxc4 5.Nf3 c5 6.O-O Nc6 7.Qa4 Bd7 8.Qxc4 b5
9.Qd3 Rc8 10.dxc5 Bxc5 11.Nc3 b4 12.Ne4 Nxe4 13.Qxe4 Ne7 14.Ne5 Bb5 15.Be3 O-O
{#d} 1/2-1/2

[Event "It (open)"]
[Site "masterchessopen.com Biel (Switzerland)"]
[Round "7"]
[White "Raetsky Alexander (RUS)"]
[Black "Sokolov Andrei (FRA)"]
[Result "1/2-1/2"]
[WhiteElo "2455"]
[BlackElo "2585"]

1.d4 Nf6 2.c4 e6 3.g3 d5 4.Nf3 dxc4 5.Bg2 c5 6.O-O Nc6 7.Ne5 Bd7 8.Na3 Nd5
9.Nxc6 Bxc6 10.Nxc4 Nb4 11.Bxc6+ Nxc6 12.dxc5 Bxc5 13.Bf4 O-O 14.Qxd8 Rfxd8
15.Rfd1 f6 16.Bd6 Bxd6 17.Rxd6 Kf7 18.Rad1 Ke7 19.Rxd8 Rxd8 {#d} 1/2-1/2

[Event "It (cat.2)"]
[Site "masterchessopen.com Budapest (Hungary)"]
[Round "6"]
[White "Horvath Julia (HUN)"]
[Black "Volodin Viktor (RUS)"]
[Result "1/2-1/2"]
[WhiteElo "2275"]
[BlackElo "2330"]

1.d4 d5 2.Nf3 Nf6 3.c4 e6 4.g3 dxc4 5.Bg2 c5 6.O-O Nc6 7.Qa4 Bd7 8.Qxc4 b5
9.Qd3 Rc8 10.Nc3 c4 11.Qd1 {#d} 1/2-1/2

[Event "Ch Netherlands (team) 1996/97"]
[Site "masterchessopen.com Netherlands"]
[Round "3"]
[White "De Saegher Chris (NED)"]
[Black "Homs Guust (NED)"]
[Result "1/2-1/2"]
[WhiteElo "2205"]
[BlackElo "2183"]

1.d4 d5 2.c4 e6 3.Nf3 Nf6 4.g3 dxc4 5.Bg2 c5 6.O-O Nc6 7.Ne5 Nxe5 8.dxe5 Qxd1
9.Rxd1 Nd5 10.Na3 c3 11.e4 cxb2 12.Bxb2 Nc7 13.Nc4 Nb5 14.Nd6+ Nxd6 15.exd6 b6
16.a4 {#d} 1/2-1/2

[Event "It (open) \"]
[Site "masterchessopen.com Athens (Greece)"]
[Round "1"]
[White "Skalkotas Nikolaos (GRE)"]
[Black "Zoulias Theodoros (GRE)"]
[Result "1/2-1/2"]
[WhiteElo "2320"]
[BlackElo "2145"]

1.d4 Nf6 2.Nf3 e6 3.c4 d5 4.g3 dxc4 5.Bg2 c5 6.Qa4+ Nbd7 7.O-O a6 8.Nc3 Be7
9.dxc5 Bxc5 10.Qxc4 b5 11.Qb3 Bb7 12.Bg5 O-O 13.Rad1 Qb6 14.Ne1 Bxg2 15.Nxg2
h6 16.Be3 Rfd8 17.Bxc5 Qxc5 18.Nf4 {#d} 1/2-1/2

[Event "Memorial Pelikan (corr.)"]
[Site "masterchessopen.com corr."]
[Round "0"]
[White "Aberbach Angel (ARG)"]
[Black "Hofstetter Hans-Joachim Dr (GER)"]
[Result "1/2-1/2"]
[WhiteElo "2030"]
[BlackElo "2234"]

1.d4 Nf6 2.c4 e6 3.Nf3 d5 4.g3 dxc4 5.Bg2 c5 6.O-O Nc6 7.Qa4 Bd7 8.Qxc4 b5
9.Qd3 Rc8 10.dxc5 Bxc5 11.Nc3 b4 12.Ne4 Nxe4 13.Qxe4 Qe7 14.Be3 Bxe3 15.Qxe3
O-O 16.Rfd1 Rfd8 17.Rac1 Be8 {#d} 1/2-1/2

[Event "Ch Australia"]
[Site "masterchessopen.com Melbourne (Australia)"]
[Round "1"]
[White "Sirota Anatoli (AUS)"]
[Black "Kagan Naum (AUS)"]
[Result "0-1"]
[WhiteElo "2231"]
[BlackElo "2260"]

1.d4 Nf6 2.c4 e6 3.Nf3 d5 4.g3 dxc4 5.Bg2 c5 6.O-O Nc6 7.Qa4 Bd7 8.dxc5 Bxc5
9.Qxc4 Qe7 10.Nc3 h6 11.Bf4 e5 12.Bd2 e4 13.Ne1 Na5 {#R} 0-1

[Event "Ch Europe (juniors) (under 16) (g)"]
[Site "masterchessopen.com Mureck (Austria)"]
[Round "9"]
[White "Matnadze Ana (GEO)"]
[Black "Charkhalashvili Inga (GEO)"]
[Result "1/2-1/2"]
[WhiteElo "2280"]
[BlackElo "2075"]

1.d4 d5 2.Nf3 Nf6 3.g3 e6 4.Bg2 c5 5.c4 dxc4 6.O-O Nc6 7.Qa4 Bd7 8.Qxc4 Na5
9.Qd3 Qb6 10.Nc3 cxd4 11.Qxd4 Bc5 12.Qh4 O-O 13.Bg5 Be7 {#d} 1/2-1/2

[Event "It (open)"]
[Site "masterchessopen.com Skopje (Macedonia)"]
[Round "5"]
[White "Kizov Atanas (MKD)"]
[Black "Inkiov Ventzislav (BUL)"]
[Result "1/2-1/2"]
[WhiteElo "2280"]
[BlackElo "2495"]

1.d4 Nf6 2.c4 e6 3.Nf3 d5 4.g3 dxc4 5.Bg2 c5 6.O-O Bd7 7.Na3 Bc6 8.Nxc4 Bd5
9.b3 Nc6 10.Bb2 Be7 11.dxc5 Bxc5 12.Rc1 O-O 13.Nfe5 Nxe5 14.Nxe5 Rc8 15.Bxd5
Nxd5 {#d} 1/2-1/2

[Event "Ch Europe (juniors) (under 20) (g)"]
[Site "masterchessopen.com Patras (Greece)"]
[Round "5"]
[White "Matnadze Ana (GEO)"]
[Black "Pokorna Regina (SVK)"]
[Result "1/2-1/2"]
[WhiteElo "2280"]
[BlackElo "2198"]

1.d4 Nf6 2.c4 e6 3.Nf3 d5 4.g3 dxc4 5.Bg2 c5 6.O-O Nc6 7.Qa4 Bd7 8.Qxc4 cxd4
9.Nxd4 Rc8 10.Nc3 Nxd4 11.Qxd4 Bc5 12.Qh4 Bc6 13.Bg5 Bxg2 14.Kxg2 Qd4 15.Qxd4
Bxd4 16.Nb5 Bc5 17.b4 Bxb4 18.Nxa7 Ra8 19.Nb5 O-O 20.Rab1 {#d} 1/2-1/2

[Event "Cup Croatia"]
[Site "masterchessopen.com Pula (Croatia)"]
[Round "2"]
[White "Cvitan Ognjen (CRO)"]
[Black "Palac Mladen (CRO)"]
[Result "1/2-1/2"]
[WhiteElo "2511"]
[BlackElo "2610"]

1.d4 Nf6 2.Nf3 d5 3.c4 e6 4.g3 dxc4 5.Bg2 c5 6.O-O Nc6 7.Ne5 Bd7 8.Na3 cxd4
9.Naxc4 Nxe5 10.Nxe5 Qb6 11.Nxd7 Nxd7 12.Qa4 Rd8 13.Bf4 Bc5 14.Rac1 O-O 15.b4
Qxb4 16.Qxb4 Bxb4 17.Bc7 {#d} 1/2-1/2